| 000 | 00676nam a2200217 a 4500 | ||
|---|---|---|---|
| 005 | 20240924071245.0 | ||
| 008 | 090608s2006 mx r 000 0 spa d | ||
| 020 | _a9788424113049 (13 dígitos) | ||
| 020 | _a8424113047 (10 dígitos) | ||
| 035 | _aUPN01000171053 | ||
| 049 | _aI | ||
| 050 | 4 |
_aPZ74.1 _bD8.4 |
|
| 100 | 1 | _aDubovoy, Silvia | |
| 245 | 1 | 0 |
_aLeyendas de América / _cSilvia Dubovoy ; il. por Marta Rivera Ferner. |
| 260 |
_aLeón, Esp. : _bEverest, _c2006. |
||
| 300 |
_a240 p. : _bprincipalmente il. col. |
||
| 650 | 4 |
_aLEYENDAS - _zAMERICA _96721 |
|
| 650 | 4 |
_aLiteratura infantil _94445 |
|
| 650 | 0 |
_aAnimales _vCuentos y leyendas _9234 |
|
| 905 | _aInfantil | ||
| 999 |
_c143158 _d143158 |
||